<?xml version="1.0" encoding="UTF-8"?>
<record
    xmlns:xsi="http://www.w3.org/2001/XMLSchema-instance"
    xsi:schemaLocation="http://www.loc.gov/MARC21/slim http://www.loc.gov/standards/marcxml/schema/MARC21slim.xsd"
    xmlns="http://www.loc.gov/MARC21/slim">

  <leader>01060nam a2200217 a 4500</leader>
  <controlfield tag="001">BRCA_9073</controlfield>
  <controlfield tag="005">20190320210519.0</controlfield>
  <controlfield tag="008">050917s1757----sp-#######---#000-0#lat-#</controlfield>
  <datafield tag="041" ind1=" " ind2=" ">
    <subfield code="a">lat</subfield>
  </datafield>
  <datafield tag="044" ind1=" " ind2=" ">
    <subfield code="a">sp</subfield>
  </datafield>
  <datafield tag="084" ind1=" " ind2=" ">
    <subfield code="a">CO30</subfield>
    <subfield code="b">.C67 1757</subfield>
  </datafield>
  <datafield tag="245" ind1="1" ind2="0">
    <subfield code="a">Corpus juris canonici academicum</subfield>
    <subfield code="c">emendatum et notis P. Lancellotti illustratum ; in duos tomos distributum, usuique moderno ad modum Christoph Henr. Freiesleben, alais Ferromontani ... accesserunt loci communes uberrimi et indices titulorum canonumque omnium summa diligentia ac nova methodo consinnati ; Tomus primus.</subfield>
  </datafield>
  <datafield tag="260" ind1=" " ind2=" ">
    <subfield code="a">Coloniae Munatianae</subfield>
    <subfield code="b">Impensis thurnisii, Joh. Rudolphi Filii, Bibliop. &amp; Typogr.</subfield>
    <subfield code="c">1757</subfield>
  </datafield>
  <datafield tag="300" ind1=" " ind2=" ">
    <subfield code="a">1275 p. (t.1)</subfield>
    <subfield code="c">24 x 18.5 cm</subfield>
  </datafield>
  <datafield tag="500" ind1=" " ind2=" ">
    <subfield code="a">Cum privilegiis caesareis et saxonicis</subfield>
  </datafield>
  <datafield tag="500" ind1=" " ind2=" ">
    <subfield code="a">Estado f&#xED;sico: presenta encuadernaci&#xF3;n en pergamino con cintas rotas, lomo semi desprendido</subfield>
  </datafield>
  <datafield tag="650" ind1="1" ind2="4">
    <subfield code="a">Derecho can&#xF3;nico</subfield>
    <subfield code="y">Obras anteriores a 1800</subfield>
    <subfield code="9">22085</subfield>
  </datafield>
  <datafield tag="700" ind1="1" ind2=" ">
    <subfield code="a">Lancellotti, Giovanni Paolo</subfield>
    <subfield code="d">1522-1590</subfield>
    <subfield code="e">colaborador</subfield>
    <subfield code="9">22437</subfield>
  </datafield>
  <datafield tag="902" ind1=" " ind2=" ">
    <subfield code="a">CFM</subfield>
  </datafield>
  <datafield tag="942" ind1=" " ind2=" ">
    <subfield code="2">lcc</subfield>
    <subfield code="c">B</subfield>
  </datafield>
  <datafield tag="999" ind1=" " ind2=" ">
    <subfield code="c">8723</subfield>
    <subfield code="d">8723</subfield>
  </datafield>
  <datafield tag="952" ind1=" " ind2=" ">
    <subfield code="0">0</subfield>
    <subfield code="1">0</subfield>
    <subfield code="4">0</subfield>
    <subfield code="7">0</subfield>
    <subfield code="a">BRCA</subfield>
    <subfield code="b">BRCA</subfield>
    <subfield code="d">2017-09-05</subfield>
    <subfield code="l">0</subfield>
    <subfield code="o">CO30 .C67 1757</subfield>
    <subfield code="p">CFM00430</subfield>
    <subfield code="r">2019-03-22 00:00:00</subfield>
    <subfield code="w">2019-03-22</subfield>
    <subfield code="y">B</subfield>
  </datafield>
</record>
